[Event "Quebec op U2000"]
[Site "Montreal"]
[Date "2012.07.26"]
[Round "7"]
[White "Noritsyn, Sergey"]
[Black "Ouellet Lahaie, Didier"]
[Result "1/2-1/2"]
[WhiteElo "1723"]
[BlackElo "1728"]
[PlyCount "91"]
[EventDate "2012.07.21"]
[EventType "swiss"]
[EventRounds "9"]
[EventCountry "CAN"]
[SourceTitle "EXT 2022"]
[Source "ChessBase"]
[SourceDate "2021.10.06"]
[SourceVersion "1"]
[SourceVersionDate "2021.10.06"]
[SourceQuality "1"]

1. e4 c5 2. Nf3 d6 3. c3 g6 4. d4 cxd4 5. cxd4 Bg7 6. Bc4 Nf6 7. Nc3 0-0 8. Qe2 Nc6 9. 0-0 Bg4 10. Be3 Nxe4 11. Bxf7+ Rxf7 12. Nxe4 Bxf3 13. gxf3 d5 14. Ng5 Rf5 15. Ne6 Qd6 16. Nxg7 Kxg7 17. Kh1 Raf8 18. f4 Rh5 19. Rg1 Rff5 20. Rg2 Qb4 21. a3 Qb3 22. Rag1 Rh4 23. Rg4 Rxg4 24. Rxg4 Qc4 25. Qd1 Nb8 26. Rg5 e6 27. Bd2 Qd3 28. Rg3 Qb5 29. a4 Qb6 30. Rb3 Qc7 31. Rc3 Nc6 32. b4 Qd7 33. b5 Na5 34. Rg3 Nc4 35. Qc2 Qd6 36. Rf3 Rf7 37. Qd3 Rc7 38. f5 exf5 39. Bf4 Qe7 40. Bxc7 Qxc7 41. Rg3 Qf4 42. Kg2 Kf6 43. Qc3 Qe4+ 44. Kf1 h5 45. Qb4 Kf7 46. Qc3 1/2-1/2

[Event "Sherbrooke op B"]
[Site "Sherbrooke"]
[Date "2007.05.27"]
[Round "4"]
[White "Ouellet Lahaie, Didier"]
[Black "Pelletier, Jacques"]
[Result "1-0"]
[WhiteElo "1701"]
[BlackElo "1445"]
[PlyCount "39"]
[EventDate "2007.05.25"]
[EventType "swiss"]
[EventRounds "5"]
[EventCountry "CAN"]
[SourceTitle "EXT 2022"]
[Source "ChessBase"]
[SourceDate "2021.10.06"]
[SourceVersion "1"]
[SourceVersionDate "2021.10.06"]
[SourceQuality "1"]

1. e4 e5 2. Nf3 Nc6 3. Bb5 a6 4. Ba4 Nf6 5. 0-0 Be7 6. Re1 b5 7. Bb3 0-0 8. h3 d6 9. c3 Na5 10. Bc2 c5 11. d4 cxd4 12. cxd4 exd4 13. Nxd4 Qc7 14. Nc3 Bb7 15. Nf5 Rfe8 16. Bg5 Bf8 17. Bxf6 gxf6 18. Qd3 Nc4 19. e5 Kh8 20. Ne7 1-0

[Event "Sherbrooke Perpetuelles 13-26c"]
[Site "Sherbrooke"]
[Date "2005.04.22"]
[Round "2"]
[White "Ouellet Lahaie, Didier"]
[Black "Pilotte, Benoit"]
[Result "0-1"]
[WhiteElo "1659"]
[BlackElo "1757"]
[PlyCount "42"]
[EventDate "2005.04.??"]
[EventType "swiss"]
[EventRounds "5"]
[EventCountry "CAN"]
[SourceTitle "EXT 2006"]
[Source "ChessBase"]
[SourceDate "2005.11.24"]
[SourceVersion "1"]
[SourceVersionDate "2005.11.24"]
[SourceQuality "1"]

1. e4 d6 2. c4 g6 3. Nc3 Bg7 4. g3 c5 5. Bg2 Nc6 6. d3 Nf6 7. Nge2 a6 8. f4 Bg4 9. h3 Bxe2 10. Qxe2 Nd4 11. Qf2 Rb8 12. 0-0 0-0 13. g4 b5 14. Be3 b4 15. Bxd4 Nxg4 16. Bxg7 Nxf2 17. Bxf8 bxc3 18. Bxe7 Qxe7 19. Rxf2 Rxb2 20. Rc1 Rxf2 21. Kxf2 Qb7 0-1

[Event "Sherbrooke CC-ch"]
[Site "Sherbrooke"]
[Date "2005.04.15"]
[Round "1"]
[White "Ouellet Lahaie, Didier"]
[Black "Germain, Benoit"]
[Result "0-1"]
[WhiteElo "1659"]
[BlackElo "1706"]
[PlyCount "56"]
[EventDate "2005.04.15"]
[EventType "swiss"]
[EventRounds "5"]
[EventCountry "CAN"]
[SourceTitle "EXT 2006"]
[Source "ChessBase"]
[SourceDate "2005.11.24"]
[SourceVersion "1"]
[SourceVersionDate "2005.11.24"]
[SourceQuality "1"]

1. e4 g6 2. d4 Bg7 3. Be3 Nf6 4. Nc3 d6 5. Qd2 c6 6. f3 0-0 7. h4 h5 8. 0-0-0 Qa5 9. Bc4 b5 10. Bb3 Qc7 11. Bh6 a5 12. Bxg7 Kxg7 13. a4 bxa4 14. Nxa4 Bd7 15. Qg5 Rh8 16. Ne2 Na6 17. Nf4 Rab8 18. e5 Nd5 19. Bxd5 cxd5 20. Nc3 Qb7 21. Nfxd5 Qxb2+ 22. Kd2 Nb4 23. Nxb4 axb4 24. Ne2 Bf5 25. Qxe7 Qxc2+ 26. Ke3 dxe5 27. Qxe5+ Kh7 28. Kf2 Rhe8 0-1

[Event "Mauricie U1800 op"]
[Site "Trois Rivieres"]
[Date "2005.03.19"]
[Round "2"]
[White "Ouellet Lahaie, Didier"]
[Black "Annen, Marc Antoine"]
[Result "1/2-1/2"]
[WhiteElo "1696"]
[BlackElo "1604"]
[PlyCount "46"]
[EventDate "2005.03.18"]
[EventType "swiss"]
[EventRounds "5"]
[EventCountry "CAN"]
[SourceTitle "EXT 2022"]
[Source "ChessBase"]
[SourceDate "2021.10.06"]
[SourceVersion "1"]
[SourceVersionDate "2021.10.06"]
[SourceQuality "1"]

1. e4 e5 2. Nf3 Nf6 3. Nxe5 d6 4. Nf3 Nxe4 5. Qe2 Qe7 6. d3 Nf6 7. Bg5 Qxe2+ 8. Bxe2 Be7 9. Nc3 Nc6 10. Nb5 Kd8 11. 0-0-0 Bg4 12. h3 Bh5 13. g4 Bg6 14. Nh4 a6 15. Nxg6 hxg6 16. Nc3 Nd4 17. Bf1 Ne6 18. Be3 d5 19. Ne2 g5 20. Bg2 Bd6 21. c4 c6 22. Rhe1 Kd7 23. Kb1 Rad8 1/2-1/2

[Event "Sherbrooke Perpetuelles 13-26a"]
[Site "Sherbrooke"]
[Date "2005.01.28"]
[Round "3"]
[White "Germain, Benoit"]
[Black "Ouellet Lahaie, Didier"]
[Result "0-1"]
[WhiteElo "1751"]
[BlackElo "1679"]
[PlyCount "66"]
[EventDate "2005.01.??"]
[EventType "swiss"]
[EventRounds "5"]
[EventCountry "CAN"]
[SourceTitle "EXT 2006"]
[Source "ChessBase"]
[SourceDate "2005.11.24"]
[SourceVersion "1"]
[SourceVersionDate "2005.11.24"]
[SourceQuality "1"]

1. d4 Nf6 2. c4 e6 3. Nc3 Bb4 4. Nf3 0-0 5. Bg5 h6 6. Bh4 d5 7. e3 c5 8. Bd3 Nc6 9. 0-0 g5 10. Bg3 cxd4 11. Nxd4 Nxd4 12. exd4 Bd6 13. f4 dxc4 14. fxg5 Bxg3 15. gxf6 Qxd4+ 16. Kh1 Qh4 17. h3 cxd3 18. Qxd3 e5 19. Ne2 Bf4 20. Nxf4 exf4 21. Qd2 Qxf6 22. Rxf4 Qg6 23. Raf1 Be6 24. Qf2 Rad8 25. Rf6 Qg5 26. h4 Qh5 27. Qf4 Kh7 28. Qe4+ Kg7 29. Kh2 Qd5 30. Qe3 Qd6+ 31. Kh1 Rh8 32. h5 Qd5 33. Kg1 Qd4 0-1

[Event "Sherbrooke Perpetuelles 13-26a"]
[Site "Sherbrooke"]
[Date "2005.01.14"]
[Round "1"]
[White "Ouellet Lahaie, Didier"]
[Black "Lopez, Jose"]
[Result "1/2-1/2"]
[WhiteElo "1679"]
[BlackElo "1766"]
[PlyCount "52"]
[EventDate "2005.01.??"]
[EventType "swiss"]
[EventRounds "5"]
[EventCountry "CAN"]
[SourceTitle "EXT 2006"]
[Source "ChessBase"]
[SourceDate "2005.11.24"]
[SourceVersion "1"]
[SourceVersionDate "2005.11.24"]
[SourceQuality "1"]

1. e4 c5 2. Nc3 Nc6 3. g3 g6 4. Bg2 Bg7 5. f4 e6 6. Nf3 d6 7. 0-0 Nge7 8. d3 0-0 9. g4 f5 10. gxf5 exf5 11. Ne2 Qb6 12. Kh1 Bd7 13. c3 Na5 14. Ng3 Rfe8 15. Qc2 Qc7 16. Bd2 Nac6 17. Rae1 Nd8 18. Ng5 h6 19. Nf3 Nf7 20. h4 h5 21. Qb3 Kh7 22. d4 fxe4 23. Nxe4 Nf5 24. Neg5+ Nxg5 25. Nxg5+ Kh8 26. Nf7+ Kh7 1/2-1/2

[Event "Sherbrooke Perpetuelles Ete"]
[Site "Sherbrooke"]
[Date "2004.08.06"]
[Round "4"]
[White "Ouellet Lahaie, Didier"]
[Black "Lemelin, Marc"]
[Result "0-1"]
[WhiteElo "1579"]
[BlackElo "1644"]
[PlyCount "58"]
[EventDate "2004.??.??"]
[EventType "swiss"]
[EventRounds "7"]
[EventCountry "CAN"]
[SourceTitle "EXT 2006"]
[Source "ChessBase"]
[SourceDate "2005.11.24"]
[SourceVersion "1"]
[SourceVersionDate "2005.11.24"]
[SourceQuality "1"]

1. e4 e6 2. d4 d5 3. Nc3 Nf6 4. e5 Nfd7 5. f4 c5 6. Nf3 Qb6 7. Na4 Qc6 8. b3 b5 9. Nxc5 Nxc5 10. dxc5 Bxc5 11. Bb2 Bb4+ 12. Nd2 Qb6 13. Qe2 Bd7 14. c3 Bc5 15. b4 Be3 16. Bc1 Bxf4 17. Nb3 Bxc1 18. Rxc1 0-0 19. Rd1 f6 20. Nd4 fxe5 21. Qxe5 Nc6 22. Qg3 Nxd4 23. Rxd4 Rf7 24. Bd3 Raf8 25. h4 a5 26. Qe5 axb4 27. cxb4 Qa7 28. Bb1 Qa3 29. Rg4 Qc1+ 0-1

[Event "Sherbrooke Perpetuelles Ete"]
[Site "Sherbrooke"]
[Date "2004.07.09"]
[Round "1"]
[White "Poirier, Vincent"]
[Black "Ouellet Lahaie, Didier"]
[Result "0-1"]
[WhiteElo "1575"]
[BlackElo "1579"]
[PlyCount "90"]
[EventDate "2004.??.??"]
[EventType "swiss"]
[EventRounds "7"]
[EventCountry "CAN"]
[SourceTitle "EXT 2006"]
[Source "ChessBase"]
[SourceDate "2005.11.24"]
[SourceVersion "1"]
[SourceVersionDate "2005.11.24"]
[SourceQuality "1"]

1. c4 e5 2. Nc3 d6 3. d3 Nc6 4. g3 f5 5. Bg2 Nf6 6. Nf3 Be7 7. 0-0 0-0 8. Re1 Be6 9. Ng5 Bd7 10. Nd5 Nxd5 11. Bxd5+ Kh8 12. Nf7+ Rxf7 13. Bxf7 f4 14. e3 fxg3 15. fxg3 Bf6 16. Qh5 Qc8 17. Bg6 h6 18. Qf3 Bg4 19. Qf2 Bh3 20. e4 Ne7 21. Bh5 Qe6 22. Re3 g6 23. Be2 Rf8 24. Bf3 Nc6 25. Bg2 Bg4 26. Re1 Be7 27. Qc2 Nd4 28. Qa4 Kg7 29. Be3 Nc6 30. Bxa7 Ra8 31. Rf1 Rxa7 32. Qc2 Nd4 33. Qf2 Ra8 34. Qe3 Bg5 35. Qf2 Be2 36. Rfe1 Rf8 37. Qxe2 Nxe2+ 38. Rxe2 Qg4 39. Rae1 h5 40. h4 Bh6 41. Kh2 Rf6 42. a3 Bc1 43. Bh3 Qf3 44. Rc2 Bh6 45. Rc3 Qf2+ 0-1

[Event "Sherbrooke Perpetuelles 46-51"]
[Site "Sherbrooke"]
[Date "2004.05.14"]
[Round "1"]
[White "Jolin, Fernand"]
[Black "Ouellet Lahaie, Didier"]
[Result "0-1"]
[WhiteElo "1294"]
[BlackElo "1574"]
[PlyCount "92"]
[EventDate "2004.??.??"]
[EventType "swiss"]
[EventRounds "6"]
[EventCountry "CAN"]
[SourceTitle "EXT 2006"]
[Source "ChessBase"]
[SourceDate "2005.11.24"]
[SourceVersion "1"]
[SourceVersionDate "2005.11.24"]
[SourceQuality "1"]

1. Nf3 Nf6 2. d4 e6 3. Bg5 d5 4. e3 Be7 5. Bxf6 Bxf6 6. Bb5+ Nd7 7. 0-0 0-0 8. Bxd7 Bxd7 9. Nbd2 b6 10. b3 c5 11. c3 cxd4 12. cxd4 Rc8 13. Rc1 Qe7 14. Nb1 Bb5 15. Re1 Rc7 16. Rxc7 Qxc7 17. a4 Ba6 18. Qc1 Qd6 19. Qa3 Qd7 20. b4 Be7 21. Rc1 Rc8 22. Rxc8+ Qxc8 23. Nc3 Qc4 24. Nd2 Qd3 25. Ncb1 Qxa3 26. Nxa3 Bxb4 27. Ndb1 Bd3 28. g4 a6 29. Kg2 b5 30. axb5 axb5 31. Kg3 Be7 32. Nxb5 Bxb5 33. Nc3 Bc4 34. Kf4 Bd6+ 35. Kf3 Bxh2 36. e4 dxe4+ 37. Kxe4 f6 38. f4 Kf7 39. Na4 Bd5+ 40. Ke3 g6 41. Nc5 h5 42. gxh5 gxh5 43. Nd3 Bg3 44. Nf2 Bxf2+ 45. Kxf2 Kg6 46. Kg3 Kf5 0-1

[Event "Sherbrooke Perpetuelles 41-45"]
[Site "Sherbrooke"]
[Date "2004.04.30"]
[Round "4"]
[White "Benoit, Andre"]
[Black "Ouellet Lahaie, Didier"]
[Result "1/2-1/2"]
[WhiteElo "1474"]
[BlackElo "1609"]
[PlyCount "58"]
[EventDate "2004.04.??"]
[EventType "swiss"]
[EventRounds "5"]
[EventCountry "CAN"]
[SourceTitle "EXT 2005"]
[Source "ChessBase"]
[SourceDate "2004.11.15"]
[SourceVersion "1"]
[SourceVersionDate "2004.11.15"]
[SourceQuality "1"]

1. e4 e5 2. Bc4 Nf6 3. d3 c6 4. f4 d5 5. exd5 cxd5 6. Bb5+ Bd7 7. fxe5 Bxb5 8. exf6 Qxf6 9. Qe2+ Be7 10. Nf3 0-0 11. 0-0 Bc5+ 12. Kh1 Re8 13. Qd1 d4 14. Ng5 Qg6 15. Nxf7 Bc6 16. Ng5 Re5 17. c3 Bxg2+ 18. Kxg2 h6 19. Qb3+ Kh8 20. Qxb7 hxg5 21. Qxa8 Re2+ 22. Kh1 Qd6 23. Bf4 gxf4 24. Qf3 Re3 25. Qxf4 Qc6+ 26. Kg1 Qg6+ 27. Kh1 Qc6+ 28. Kg1 Qg6+ 29. Kh1 Qc6+ 1/2-1/2

[Event "Sherbrooke Perpetuelles 41-45"]
[Site "Sherbrooke"]
[Date "2004.04.23"]
[Round "3"]
[White "Ouellet Lahaie, Didier"]
[Black "Poirier, Vincent"]
[Result "0-1"]
[WhiteElo "1609"]
[BlackElo "1661"]
[PlyCount "79"]
[EventDate "2004.04.??"]
[EventType "swiss"]
[EventRounds "5"]
[EventCountry "CAN"]
[SourceTitle "EXT 2005"]
[Source "ChessBase"]
[SourceDate "2004.11.15"]
[SourceVersion "1"]
[SourceVersionDate "2004.11.15"]
[SourceQuality "1"]

1. e4 d6 2. d4 Nf6 3. Nc3 g6 4. Be3 Bg7 5. Qd2 0-0 6. h4 Ng4 7. Bf4 e5 8. dxe5 dxe5 9. Qxd8 Rxd8 10. Bg3 Nc6 11. a3 Be6 12. f3 Ne3 13. Bd3 Rxd3 14. cxd3 Nc2+ 15. Kf2 Nxa1 16. Nge2 Nb3 17. h5 h6 18. hxg6 fxg6 19. f4 Rf8 20. Ke3 Rf7 21. fxe5 Kh7 22. d4 Bg4 23. Rd1 Ncxd4 24. Rxd4 Nxd4 25. Nxd4 Re7 26. Nd5 Rf7 27. Nf3 c6 28. Nf4 Bxf3 29. gxf3 Bxe5 30. b3 g5 31. Nh5 Bxg3 32. Nxg3 Kg6 33. Nf5 h5 34. Kf2 h4 35. Kg2 Rd7 36. f4 Rd2+ 37. Kg1 h3 38. Ne7+ Kf6 39. Ng8+ Kg7 40. Ne7 0-1

[Event "Sherbrooke Perpetuelles 11-15"]
[Site "Sherbrooke"]
[Date "2003.08.29"]
[Round "2"]
[White "Belanger, Jean Sebastien"]
[Black "Ouellet Lahaie, Didier"]
[Result "0-1"]
[WhiteElo "1440"]
[BlackElo "1443"]
[PlyCount "94"]
[EventDate "2003.08.??"]
[EventType "swiss"]
[EventRounds "5"]
[EventCountry "CAN"]
[SourceTitle "EXT 2006"]
[Source "ChessBase"]
[SourceDate "2005.11.24"]
[SourceVersion "1"]
[SourceVersionDate "2005.11.24"]
[SourceQuality "1"]

1. e4 e5 2. Bc4 Nf6 3. d3 Bc5 4. Nf3 Nc6 5. Nc3 d6 6. Bg5 Na5 7. Bb3 Nxb3 8. axb3 c6 9. Na4 Bb4+ 10. c3 Ba5 11. b4 Bc7 12. b3 0-0 13. c4 a5 14. bxa5 Bxa5+ 15. Bd2 Bc7 16. h3 d5 17. exd5 cxd5 18. 0-0 e4 19. dxe4 dxe4 20. Nh2 Qd6 21. g3 Bxh3 22. Re1 Rad8 23. Bg5 Qc6 24. Qe2 Rfe8 25. Nc3 e3 26. fxe3 Bxg3 27. Red1 Rxd1+ 28. Rxd1 h6 29. Bxf6 Qxf6 30. Nd5 Qg6 31. Kh1 Qe4+ 32. Qf3 Qc2 33. Nf6+ Kh8 34. Nfg4 Bg2+ 35. Qxg2 Qxd1+ 36. Nf1 Qxg4 37. Nxg3 Rxe3 38. Nf1 Qh4+ 39. Kg1 Rh3 40. Qxb7 Qd4+ 41. Kg2 Qg4+ 42. Kf2 Rc3 43. Qxf7 Rxb3 44. Qf8+ Kh7 45. c5 Rb2+ 46. Ke3 Re2+ 47. Kd3 Qe4+ 0-1

[Event "Sherbrooke Perpetuelles 01-05"]
[Site "Sherbrooke"]
[Date "2003.06.13"]
[Round "2"]
[White "Ouellet Lahaie, Didier"]
[Black "Soskic, Milan"]
[Result "1-0"]
[WhiteElo "1418"]
[BlackElo "1214"]
[PlyCount "57"]
[EventDate "2003.06.??"]
[EventType "swiss"]
[EventRounds "5"]
[EventCountry "CAN"]
[SourceTitle "EXT 2006"]
[Source "ChessBase"]
[SourceDate "2005.11.24"]
[SourceVersion "1"]
[SourceVersionDate "2005.11.24"]
[SourceQuality "1"]

1. e4 d6 2. d4 Nf6 3. Nc3 g6 4. Be3 Bg7 5. f3 0-0 6. Qd2 b6 7. h4 Bb7 8. Bh6 Nbd7 9. Bxg7 Kxg7 10. h5 Nxh5 11. g4 Nhf6 12. Qh6+ Kh8 13. Nh3 Ng8 14. Qh4 e6 15. g5 f6 16. 0-0-0 fxg5 17. Nxg5 h5 18. Be2 Qe7 19. Rdg1 e5 20. d5 c5 21. Qg3 Ngf6 22. Ne6 Rg8 23. Nb5 Nf8 24. Qg5 Nxe6 25. dxe6 Rad8 26. f4 Bxe4 27. fxe5 Qxe6 28. exf6 Kh7 29. Rxh5+ 1-0

[Event "Montreal Lawson Memorial"]
[Site "Montreal"]
[Date "2002.12.22"]
[Round "4"]
[White "Ouellet Lahaie, Didier"]
[Black "Dufour, Patrick"]
[Result "0-1"]
[WhiteElo "1399"]
[BlackElo "1152"]
[PlyCount "118"]
[EventDate "2002.12.20"]
[EventType "swiss"]
[EventRounds "4"]
[EventCountry "CAN"]
[SourceTitle "EXT 2006"]
[Source "ChessBase"]
[SourceDate "2005.11.24"]
[SourceVersion "1"]
[SourceVersionDate "2005.11.24"]
[SourceQuality "1"]

1. e4 e5 2. Nf3 Nc6 3. Bb5 a6 4. Ba4 Nf6 5. 0-0 Be7 6. Re1 b5 7. Bb3 d6 8. h3 Na5 9. c3 Nxb3 10. axb3 Bb7 11. d3 0-0 12. Nbd2 c5 13. c4 Qc7 14. Nf1 b4 15. Ne3 Nd7 16. Nh2 Nb8 17. Nf5 Bc8 18. g4 Nc6 19. Kh1 Re8 20. Rg1 Bf8 21. Bd2 g6 22. Nf1 Ne7 23. N1e3 Bxf5 24. gxf5 Bg7 25. Ng4 Nc6 26. f4 Qd8 27. Kh2 exf4 28. Bxf4 Bxb2 29. Nh6+ Kg7 30. Rb1 Be5 31. Bxe5+ Rxe5 32. Ng4 Re8 33. f6+ Kh8 34. Qd2 Ne5 35. Qh6 Nxg4+ 36. Rxg4 Qxf6 37. Rbg1 Qg7 38. Qh4 Re6 39. Rf4 Rae8 40. Rf2 Qe5+ 41. Kh1 Kg7 42. Rf5 Qc3 43. Rh5 Rh8 44. Qf4 Qxd3 45. e5 Rxe5 46. Qh6+ Kg8 47. Rxe5 dxe5 48. Kh2 Qf3 49. Ra1 Qf4+ 50. Qxf4 exf4 51. Rxa6 Kg7 52. Rc6 Re8 53. Rxc5 Re3 54. Rc8 Rxb3 55. c5 Kf6 56. c6 Ke7 57. c7 Kd7 58. Rf8 Kxc7 59. Rxf7+ Kc6 0-1